000 01635cam a2200421 a 4500
001 3305
003 FISKH
005 20240228153804.0
008 081105s2009 nyu 000 1 eng
010 _a 2008048143
020 _a9780446580298 (regular ed.)
020 _a0446580295 (regular ed.)
020 _a9780446618694
020 _a9780446519298 (large print ed.)
020 _a0446519294 (large print ed.)
035 _a(OCoLC)ocn181603302
040 _aDLC
_cDLC
_dBTCTA
_dBAKER
_dYDXCP
_dUPZ
_dSLV
_dIG#
_dYDX
_dCDX
_dC#P
_dCQU
_dDLC
_beng
043 _an-us-ny
050 0 0 _aPS3566.R3982
_bC46 2009
082 0 0 _a813/.54
_222
100 1 _aPreston, Douglas J.
245 1 0 _aCemetery dance /
_cDouglas Preston
250 _aThis edition 2010
260 _aNew York :
_bHachette Book,
_c2009.
300 _a577 pages :
_c18 cm
520 _aAfter New York Times reporter William Smithback and his wife Nora Kelly, a Museum of Natural History archaeologist, are brutally attacked in their apartment on Manhattan's Upper West Side, Pendergast--the world's most enigmatic FBI Special Agent--returns to New York City to investigate a murderous Obeah cult.
600 1 0 _aPendergast, Aloysius
_c(Fictitious character)
_vFiction.
650 0 _aObeah (Cult)
_vFiction.
650 0 _aMurder
_xInvestigation
_vFiction.
650 0 _aGovernment investigators
_vFiction.
651 0 _aNew York (N.Y.)
_vFiction.
655 0 _aPsychological fiction.
655 7 _aSuspense fiction.
_2gsafd
655 7 _aOccult fiction.
_2gsafd
906 _a7
_bcbc
_corignew
_d1
_eecip
_f20
_gy-gencatlg
942 _2ddc
_cBK
_n0
999 _c3305
_d3305